000 00663nam a2200181 i 4500
001 45623
003 ES-MaACL
005 20230906161240.0
007 t|
008 030326s1948 sp ||||1| spa d
100 1 _aPolentinos, Aurelio de Colmenares y Orgaz, Conde de.
_992808
245 1 0 _aInvestigaciones madrileñas /
_cConde de Polentinos.
260 _aMadrid :
_bAyuntamiento de Madrid, Sección de Cultura e Información,
_c1948 (
_fArtes Gráficas Municipales)
300 _aVII, 210 p., 12 lám. ;
_c24 cm.
710 1 _aMadrid.
_bAyuntamiento. Sección de Cultura e Información.
_9200765
852 _aES-MaACL
_jD-6638
_bR.28813
999 _c45623
_d45623